|
|
|
|
| LEADER |
02761nam a2200373 u 4500 |
| 001 |
10114306 |
| 003 |
upatras |
| 005 |
20230617063153.0 |
| 008 |
141013s2014 gr eng |
| 040 |
|
|
|a GR-PaULI
|c GR-PaULI
|
| 041 |
0 |
|
|a eng
|
| 082 |
1 |
4 |
|a 616.994 490 75
|2 23
|
| 084 |
|
|
|a WP 815
|
| 100 |
1 |
|
|a Μαλλιώρη, Ανθή
|4 aut
|9 141311
|
| 245 |
1 |
0 |
|a Advanced three dimensional digital tomosynthesis studies for breast imaging
|b Προηγμένες μελέτες τρισδιάστατης ψηφιακής τομοσύνθεσης στην απεικόνιση του μαστού
|c Anthi Malliori; University of Patras, Faculty of Medicine
|c ; National Technical University of Athens, Faculty of Electrical and Computer Engineering, Faculty of Mechanical Engineering
|
| 246 |
1 |
1 |
|a Προηγμένες μελέτες τρισδιάστατης ψηφιακής τομοσύνθεσης στην απεικόνιση του μαστού
|
| 300 |
|
|
|a 144 σ.
|b έγχ. εικ.
|c 30 εκ.
|
| 500 |
|
|
|a Interdepartmental program of postgraduate studies in biomedical engineering
|
| 504 |
|
|
|a Περιλαμβάνει βιβλιογραφία
|
| 650 |
|
4 |
|a Μαστογραφία
|9 29285
|
| 650 |
|
4 |
|a Μαστός
|x Απεικόνιση
|9 101522
|
| 650 |
|
4 |
|a Μαστός
|x Καρκίνος
|x Διάγνωση
|9 75579
|
| 700 |
1 |
|
|a Παλληκαράκης, Νικόλαος
|4 oth
|9 31674
|
| 710 |
2 |
|
|a Εθνικό Μετσόβιο Πολυτεχνείο
|e Σχολή Ηλεκτρολόγων Μηχανικών και Μηχανικών Υπολογιστών
|9 3159
|
| 710 |
2 |
|
|a Εθνικό Μετσόβιο Πολυτεχνείο
|e Σχολή Μηχανολόγων Μηχανικών
|9 3159
|
| 710 |
2 |
|
|9 2771
|a Πανεπιστήμιο Πατρών
|b Σχολή Επιστημών Υγείας
|b Τμήμα Ιατρικής
|e Σχολή Επιστημών Υγείας
|e Τμήμα Ιατρικής
|e Τομέας Βασικών Ιατρικών Επιστημών Ι
|e Εργαστήριο Ιατρικής Φυσικής
|
| 852 |
|
|
|a GR-PaULI
|b ΠΑΤΡΑ
|b ΒΚΠ
|b ΑΝΕ
|k ΔΙΑΤΡΙΒΗ
|h 616.994 490 75 ΜΑΛ
|m 123022
|p 025000107277
|t 2
|
| 852 |
|
|
|a GR-PaULI
|b ΠΑΤΡΑ
|b ΙΑΤΡΙΚΗ
|k ΔΙΑΤΡΙΒΗ-10
|h WP 815 ΜΑΛ
|m Δ/001430
|p 025000173953
|t 1
|
| 856 |
|
|
|u http://hdl.handle.net/10889/8621
|
| 942 |
|
|
|2 ddc
|c BKTD
|
| 952 |
|
|
|0 0
|1 0
|4 0
|6 616_994000000000000_490_75_ΜΑΛ
|7 0
|9 171079
|a LISP
|b LISP
|c RES
|d 2016-04-24
|i 123022
|l 0
|o 616.994 490 75 ΜΑΛ
|p 025000107277
|r 2016-04-24 00:00:00
|t 2
|w 2016-04-24
|y BKTD
|
| 952 |
|
|
|0 0
|1 0
|4 0
|6 WP_815_000000000000000_ΜΑΛ
|7 0
|9 171080
|a MEDI
|b MEDI
|d 2016-04-24
|i Δ/001430
|l 0
|o WP 815 ΜΑΛ
|p 025000173953
|r 2016-04-24 00:00:00
|t 1
|w 2016-04-24
|y BKTD
|
| 998 |
|
|
|c ΜΑΝΙΑΚΗ
|d 2014-10
|
| 999 |
|
|
|c 107061
|d 107061
|